[Event "Lindores Abbey Tal Blitz 2021"]
[Site "Riga"]
[Date "2021.11.08"]
[Round "8.19"]
[White "Vokhidov, Shamsiddin"]
[Black "Navara, David"]
[Result "0-1"]
[WhiteElo "2521"]
[BlackElo "2699"]
[Annotator "TA"]
[PlyCount "92"]
[EventDate "2021.11.02"]
[EventType "swiss"]
[EventCountry "LAT"]
[SourceTitle "playchess.com"]
[Source "ChessBase"]
[SourceQuality "1"]

1. e4 c5 2. Nf3 d6 3. Bb5+ Nd7 4. d4 cxd4 5. Nxd4 Ngf6 6. Bd3 Nc5 7. Nc3 e6 8.
O-O Be7 9. Re1 O-O 10. Nb3 Nxd3 11. Qxd3 a6 12. Bf4 h6 13. Rad1 e5 14. Bg3 Bg4
15. Rd2 Rc8 16. Bh4 g5 17. Bg3 Be6 18. Qe3 b5 19. a3 Rc4 20. Rd3 b4 21. axb4
Rxb4 22. Nc5 Bc4 23. Rd2 Rxb2 24. Nd3 Bxd3 25. Qxd3 Qa5 26. h4 Rc8 27. Nd1
Rcxc2 28. Rde2 Rxe2 29. Rxe2 Rxe2 30. Qxe2 Qb5 31. Qc2 Qb4 32. hxg5 Qe1+ 33.
Kh2 Ng4+ 34. Kh3 h5 35. Bh4 Qh1+ 36. Kg3 Qh2+ 37. Kf3 Qxh4 38. g6 Qf6+ 39. Ke2
Qxg6 40. f3 Nf6 41. Ne3 Bf8 42. Qc8 a5 43. Kf1 Qg5 44. Nf5 Nh7 45. Nxd6 a4 46.
Qe8 Qe7 0-1

[Event "Lindores Abbey Tal Blitz 2021"]
[Site "Riga"]
[Date "2021.11.08"]
[Round "8.20"]
[White "Volokitin, Andrei"]
[Black "Jobava, Baadur"]
[Result "1/2-1/2"]
[WhiteElo "2656"]
[BlackElo "2582"]
[Annotator "ChessBase"]
[PlyCount "88"]
[EventDate "2021.11.02"]
[EventType "swiss"]
[EventCountry "LAT"]
[SourceTitle "playchess.com"]
[Source "ChessBase"]
[SourceQuality "1"]

1. e4 e6 2. d4 d5 3. Nc3 dxe4 4. Nxe4 Bd7 5. Nf3 Bc6 6. Bd3 Nd7 7. O-O Ngf6 8.
Ng3 g6 9. Qe2 Bg7 10. Ne5 Nxe5 11. dxe5 Nd7 12. f4 O-O 13. Be4 Qe7 14. Be3 Bd5
15. c4 Bxe4 16. Nxe4 Rfd8 17. Rad1 f6 18. exf6 Nxf6 19. Bc5 Qe8 20. Ng5 b6 21.
Ba3 c5 22. Qxe6+ Qxe6 23. Nxe6 Rxd1 24. Rxd1 Re8 25. Nxg7 Kxg7 26. b4 cxb4 27.
Bxb4 Re4 28. Bc3 Kf7 29. Bxf6 Kxf6 30. Rd7 Rxf4 31. Rxh7 Rxc4 32. Rxa7 Rc2 33.
h3 Kg5 34. Kh2 b5 35. Ra5 Kh6 36. Kg3 b4 37. h4 b3 38. axb3 Rc3+ 39. Kg4 Rxb3
40. Ra6 Rb4+ 41. Kh3 Rb3+ 42. g3 Rb4 43. Ra5 Rc4 44. Rb5 Ra4 1/2-1/2

[Event "Lindores Abbey Tal Blitz 2021"]
[Site "Riga"]
[Date "2021.11.08"]
[Round "8.21"]
[White "Ponomariov, Ruslan"]
[Black "Chigaev, Maksim"]
[Result "0-1"]
[WhiteElo "2633"]
[BlackElo "2626"]
[Annotator "ChessBase"]
[PlyCount "92"]
[EventDate "2021.11.02"]
[EventType "swiss"]
[EventCountry "LAT"]
[SourceTitle "playchess.com"]
[Source "ChessBase"]
[SourceQuality "1"]

1. e4 c5 2. Nf3 d6 3. Bb5+ Nd7 4. O-O a6 5. Bd3 Ngf6 6. Re1 b5 7. c4 g5 8. cxb5
g4 9. Nh4 Ne5 10. Bf1 axb5 11. d4 cxd4 12. Bxb5+ Bd7 13. Bxd7+ Nfxd7 14. Qxd4
e6 15. g3 Qxh4 16. Qxe5 Nxe5 17. gxh4 Nf3+ 18. Kf1 Nxe1 19. Kxe1 Bg7 20. a4 Kd7
21. Nd2 Rhb8 22. Ra2 Rb4 23. b3 Bc3 24. Ke2 Bxd2 25. Bxd2 Rxb3 26. a5 Ra6 27.
Be3 Rb4 28. Kd3 h5 29. Ra3 e5 30. Bd2 Rd4+ 31. Ke3 Ke6 32. Rb3 Rc6 33. Bc3 Ra4
34. Kd3 f5 35. exf5+ Kxf5 36. Bd2 Rc5 37. Bb4 Rb5 38. Kc4 Rbxa5 39. Rd3 d5+ 40.
Kb3 Ra6 41. Rxd5 Ra1 42. Bc3 R1a3+ 43. Kb2 Ra2+ 44. Kb3 R6a3+ 45. Kb4 Rxc3 46.
Kxc3 Rxf2 0-1

[Event "Lindores Abbey Tal Blitz 2021"]
[Site "Riga"]
[Date "2021.11.08"]
[Round "8.22"]
[White "Sargissian, Gabriel"]
[Black "Sarana, Alexey"]
[Result "0-1"]
[WhiteElo "2664"]
[BlackElo "2656"]
[Annotator "ChessBase"]
[PlyCount "126"]
[EventDate "2021.11.02"]
[EventType "swiss"]
[EventCountry "LAT"]
[SourceTitle "playchess.com"]
[Source "ChessBase"]
[SourceQuality "1"]

1. Nf3 d5 2. d4 Nf6 3. c4 e6 4. g3 Bb4+ 5. Bd2 Be7 6. Bg2 O-O 7. O-O c6 8. Qc2
Nbd7 9. Rd1 b6 10. b3 a5 11. Bc3 Ne4 12. Ne5 Nxe5 13. Bxe4 Ng6 14. Bg2 Ba6 15.
Nd2 f5 16. e3 Rc8 17. Rac1 Ba3 18. Bb2 Bd6 19. Nf3 Qe7 20. Ne1 c5 21. dxc5 Bxc5
22. Nf3 dxc4 23. bxc4 e5 24. Qb3 e4 25. Ne1 Ne5 26. Bxe5 Qxe5 27. Nc2 Rcd8 28.
Nd4 Kh8 29. Nc6 Rxd1+ 30. Qxd1 Qf6 31. Qd7 h6 32. Nd4 Rd8 33. Qa7 Bc8 34. Rd1
Bxd4 35. Qc7 Be6 36. exd4 Rxd4 37. Rxd4 Qxd4 38. Bf1 e3 39. Qf4 exf2+ 40. Qxf2
Qc5 41. Bd3 g5 42. Kg2 Qxf2+ 43. Kxf2 Kg7 44. Ke3 Kf6 45. Kd4 f4 46. gxf4 gxf4
47. a3 Kg5 48. Be2 Kf5 49. Bf3 Bf7 50. Be2 Be8 51. Bf3 Ba4 52. Kd5 Bb3 53. Kd4
Bc2 54. Kd5 Bd3 55. Kd4 Bf1 56. Kd5 Kg5 57. Kd4 Kh4 58. Bd5 Kg4 59. Bc6 Be2 60.
Bb7 Kh3 61. Ke4 f3 62. Ke3 Kxh2 63. Kf2 Kh3 0-1

[Event "Lindores Abbey Tal Blitz 2021"]
[Site "Riga"]
[Date "2021.11.08"]
[Round "8.23"]
[White "Adly, Ahmed"]
[Black "Henriquez Villagra, Cristobal"]
[Result "0-1"]
[WhiteElo "2602"]
[BlackElo "2608"]
[Annotator "ChessBase"]
[PlyCount "95"]
[EventDate "2021.11.02"]
[EventType "swiss"]
[EventCountry "LAT"]
[SourceTitle "playchess.com"]
[Source "ChessBase"]
[SourceQuality "1"]

1. Nf3 Nf6 2. g3 g6 3. Bg2 Bg7 4. d4 O-O 5. c4 d6 6. O-O Nc6 7. Nc3 e5 8. dxe5
Nxe5 9. Nxe5 dxe5 10. Bg5 Qxd1 11. Rfxd1 c6 12. Na4 h6 13. Bd2 Bg4 14. Kf1 Rac8
15. Bb4 Rfe8 16. Bd6 Nd7 17. b3 Be6 18. Rd2 f5 19. e4 f4 20. Rad1 b5 21. Nb2 g5
22. Kg1 a6 23. Bb4 Nf6 24. f3 Bf8 25. Bxf8 Kxf8 26. Bf1 g4 27. Be2 gxf3 28.
Bxf3 fxg3 29. hxg3 Ke7 30. cxb5 cxb5 31. Nd3 Rg8 32. Nxe5 Rxg3+ 33. Kf2 Rg5 34.
Nd3 Rf8 35. Ke2 Ng4 36. Rc1 Nh2 37. Bh1 Bg4+ 38. Ke3 Nf1+ 39. Rxf1 Rxf1 40. Bg2
Rf8 41. Nb4 Bc8 42. Nc6+ Kf7 43. Nd4 Kg6 44. Bf3 Bg4 45. Bxg4 Rxg4 46. Nf5 Rf6
47. Kf3 Rg5 48. Rd7 0-1

[Event "Lindores Abbey Tal Blitz 2021"]
[Site "Riga"]
[Date "2021.11.08"]
[Round "8.24"]
[White "Bluebaum, Matthias"]
[Black "Saric, Ivan"]
[Result "1-0"]
[WhiteElo "2647"]
[BlackElo "2665"]
[Annotator "ChessBase"]
[PlyCount "53"]
[EventDate "2021.11.02"]
[EventType "swiss"]
[EventCountry "LAT"]
[SourceTitle "playchess.com"]
[Source "ChessBase"]
[SourceQuality "1"]

1. d4 Nf6 2. c4 c5 3. d5 g6 4. Nc3 d6 5. e4 Bg7 6. h3 O-O 7. Nf3 e6 8. Be3 Re8
9. Nd2 Na6 10. Bd3 Nc7 11. O-O exd5 12. cxd5 b5 13. Nxb5 Nxb5 14. Bxb5 Bd7 15.
Bd3 Rb8 16. Qc2 Nh5 17. Nc4 Bb5 18. Rab1 Bxc4 19. Bxc4 Qh4 20. Bd3 Nf4 21. g3
Nxh3+ 22. Kg2 Qg4 23. f3 Qd7 24. Rh1 Rec8 25. Bc4 Bd4 26. Qd2 Bxe3 27. Qxe3 1-0

[Event "Lindores Abbey Tal Blitz 2021"]
[Site "Riga"]
[Date "2021.11.08"]
[Round "8.25"]
[White "Sasikiran, Krishnan"]
[Black "Zvjaginsev, Vadim"]
[Result "1/2-1/2"]
[WhiteElo "2640"]
[BlackElo "2609"]
[Annotator "ChessBase"]
[PlyCount "104"]
[EventDate "2021.11.02"]
[EventType "swiss"]
[EventCountry "LAT"]
[SourceTitle "playchess.com"]
[Source "ChessBase"]
[SourceQuality "1"]

1. d4 Nf6 2. c4 d6 3. Nc3 g6 4. e4 Bg7 5. f3 O-O 6. Bg5 a6 7. Qd2 c5 8. dxc5
dxc5 9. O-O-O Qxd2+ 10. Rxd2 Nc6 11. Nd5 Be6 12. Ne2 b5 13. Nec3 Bxd5 14. Nxd5
h6 15. Bxf6 exf6 16. cxb5 axb5 17. Bxb5 Rxa2 18. Kb1 Nb4 19. Nxb4 Ra5 20. Bc4
cxb4 21. Rhd1 f5 22. exf5 Rxf5 23. Rd5 Rf4 24. Bb3 Re8 25. Rd8 Kf8 26. R1d7
Rxd8 27. Rxd8+ Ke7 28. Rb8 Rd4 29. Rb7+ Rd7 30. Rxb4 g5 31. Re4+ Kd8 32. Re2
Re7 33. Rd2+ Kc7 34. Bc4 Be5 35. h3 f6 36. Rc2 Kb6 37. b3 Ra7 38. Rd2 Ra1+ 39.
Kc2 Ra2+ 40. Kd3 Rxd2+ 41. Kxd2 Bg3 42. b4 h5 43. Kd3 h4 44. Ke4 Be5 45. Kf5
Kc7 46. b5 Kb6 47. Bd3 Kc7 48. f4 Bxf4 49. Kxf6 Kb6 50. Kf5 Kc5 51. Kg4 Kb6 52.
Be2 Kc7 1/2-1/2

[Event "Lindores Abbey Tal Blitz 2021"]
[Site "Riga"]
[Date "2021.11.08"]
[Round "8.26"]
[White "Sjugirov, Sanan"]
[Black "Ter-Sahakyan, Samvel"]
[Result "1-0"]
[WhiteElo "2663"]
[BlackElo "2615"]
[Annotator "ChessBase"]
[PlyCount "139"]
[EventDate "2021.11.02"]
[EventType "swiss"]
[EventCountry "LAT"]
[SourceTitle "playchess.com"]
[Source "ChessBase"]
[SourceQuality "1"]

1. e4 c5 2. Nf3 d6 3. d4 cxd4 4. Nxd4 Nf6 5. Nc3 a6 6. h3 e5 7. Nde2 h5 8. Bg5
Be6 9. Bxf6 Qxf6 10. Nd5 Qd8 11. Qd3 Nd7 12. Nec3 g6 13. O-O-O b5 14. Kb1 Nc5
15. Qf3 Bg7 16. Be2 Rb8 17. a3 Bd7 18. Qe3 a5 19. b4 Ne6 20. Kb2 Nd4 21. h4 Rc8
22. Bd3 O-O 23. f3 f5 24. Qg5 Qxg5 25. hxg5 Rb8 26. exf5 gxf5 27. Rxh5 axb4 28.
axb4 Be6 29. Rdh1 Rb7 30. Nf6+ Kf7 31. g4 Rc8 32. Rh7 Rbc7 33. gxf5 Bxf5 34.
Nfd5 Rb7 35. Bxf5 Nxf5 36. Ne4 Kg6 37. R7h2 Rc4 38. c3 Rc8 39. Kb3 Rf8 40. Ra2
Rff7 41. Ra6 Rbd7 42. Rb6 Ne7 43. Nxe7+ Rfxe7 44. Rxd6+ Rxd6 45. Nxd6 Kxg5 46.
Nxb5 Kf4 47. Rf1 Ke3 48. Nd6 Ke2 49. Rg1 Bf6 50. Ne4 Bh4 51. Rh1 Rh7 52. Rh3
Kf1 53. Rh2 Kg1 54. Rd2 Rf7 55. Rd3 Kg2 56. Kc4 Rc7+ 57. Kb5 Kf1 58. Rd2 Be1
59. Rc2 Rf7 60. c4 Rxf3 61. c5 Rf4 62. Rc4 Rf8 63. c6 Rb8+ 64. Kc5 Ke2 65. c7
Rc8 66. Kc6 Kd3 67. Nd6 Rf8 68. b5 Bf2 69. b6 e4 70. Rxe4 1-0

[Event "Lindores Abbey Tal Blitz 2021"]
[Site "Riga"]
[Date "2021.11.08"]
[Round "8.27"]
[White "Yilmaz, Mustafa"]
[Black "Ponkratov, Pavel"]
[Result "1/2-1/2"]
[WhiteElo "2626"]
[BlackElo "2662"]
[Annotator "ChessBase"]
[PlyCount "120"]
[EventDate "2021.11.02"]
[EventType "swiss"]
[EventCountry "LAT"]
[SourceTitle "playchess.com"]
[Source "ChessBase"]
[SourceQuality "1"]

1. d4 Nf6 2. c4 e5 3. dxe5 Ng4 4. Bf4 g5 5. Bg3 Bg7 6. h4 Nxe5 7. hxg5 Nxc4 8.
Nc3 c6 9. Qc2 d5 10. Rxh7 Qxg5 11. Nf3 Qg4 12. Nh2 Qg5 13. Bh4 Qf5 14. Qxf5
Bxf5 15. Rxg7 Rxh4 16. Rg8+ Ke7 17. Nf3 Rg4 18. Rh8 Nb6 19. O-O-O N8d7 20. Rxa8
Nxa8 21. g3 Rg8 22. Nd4 Bg6 23. Bg2 Nab6 24. b4 Nf6 25. Re1 Kd6 26. Nb3 Ng4 27.
Nd1 Rh8 28. Rh1 Re8 29. e3 Ne5 30. Nc5 Nbd7 31. Nxb7+ Kc7 32. Nc5 Nxc5 33. bxc5
Rb8 34. Nb2 Rb5 35. f4 Rxc5+ 36. Kd1 Ng4 37. Re1 Rc2 38. Re2 Nf2+ 39. Ke1 Rxb2
40. Kxf2 Rb4 41. g4 Bd3 42. Rd2 Bc4 43. e4 dxe4 44. Bxe4 Be6 45. Kf3 Bxg4+ 46.
Kxg4 Rxe4 47. Kf5 Re6 48. Rc2 Kd6 49. Rd2+ Ke7 50. Rc2 Rd6 51. Re2+ Kd7 52. Rc2
Rd4 53. Ke5 Ra4 54. f5 Ra5+ 55. Kf6 Rd5 56. Rf2 Ke8 57. Kg7 Re5 58. Kf6 Rd5 59.
Kg7 Re5 60. Kf6 Rd5 1/2-1/2

[Event "Lindores Abbey Tal Blitz 2021"]
[Site "Riga"]
[Date "2021.11.08"]
[Round "8.28"]
[White "Meshkovs, Nikita"]
[Black "Movsesian, Sergei"]
[Result "0-1"]
[WhiteElo "2557"]
[BlackElo "2618"]
[Annotator "ChessBase"]
[PlyCount "70"]
[EventDate "2021.11.02"]
[EventType "swiss"]
[EventCountry "LAT"]
[SourceTitle "playchess.com"]
[Source "ChessBase"]
[SourceQuality "1"]

1. Nf3 d5 2. d4 Nf6 3. c4 c6 4. Nc3 dxc4 5. a4 Bf5 6. Ne5 Nbd7 7. Nxc4 Nb6 8.
Ne5 a5 9. g3 e6 10. Bg2 h6 11. O-O Be7 12. e4 Bh7 13. Be3 O-O 14. Qb3 Bb4 15.
f3 Nbd7 16. Nd3 Bxc3 17. bxc3 b6 18. c4 Rc8 19. Rad1 Ne8 20. e5 f6 21. Nf4 Qe7
22. d5 cxd5 23. cxd5 fxe5 24. d6 Qf7 25. Ne2 Nef6 26. Rd2 Nd5 27. Bf2 Nc5 28.
Qb5 Rfd8 29. f4 e4 30. Bxc5 Rxc5 31. Qa6 Rxd6 32. Nd4 Nb4 33. Qa8+ Qf8 34. Qb7
e3 35. Nxe6 Rxe6 0-1

[Event "Lindores Abbey Tal Blitz 2021"]
[Site "Riga"]
[Date "2021.11.08"]
[Round "8.29"]
[White "Adhiban, B.."]
[Black "Stefanova, Antoaneta"]
[Result "1-0"]
[WhiteElo "2672"]
[BlackElo "2475"]
[Annotator "ChessBase"]
[PlyCount "165"]
[EventDate "2021.11.02"]
[EventType "swiss"]
[EventCountry "LAT"]
[SourceTitle "playchess.com"]
[Source "ChessBase"]
[SourceQuality "1"]

1. e4 e5 2. Nf3 Nc6 3. Bc4 Bc5 4. d3 Nf6 5. Bg5 h6 6. Bh4 g5 7. Bg3 d6 8. c3
Bb6 9. Nbd2 Qe7 10. a4 a6 11. b4 Be6 12. O-O O-O 13. Re1 Nh7 14. Bxe6 Qxe6 15.
Nc4 Ba7 16. b5 Ne7 17. Rb1 axb5 18. axb5 Bc5 19. Qb3 g4 20. Nh4 Kg7 21. b6 cxb6
22. Nxb6 Rad8 23. Qxe6 fxe6 24. Na4 b6 25. Nxb6 Nc6 26. Nc4 Rb8 27. Rbd1 Nf6
28. d4 exd4 29. e5 dxe5 30. Nxe5 Nxe5 31. Bxe5 Rb2 32. cxd4 Bb4 33. Rf1 Kf7 34.
Rb1 Rxb1 35. Rxb1 Nd5 36. f3 h5 37. fxg4 hxg4 38. Kf2 Ke8+ 39. Kg3 Rg8 40. h3
gxh3+ 41. Kxh3 Kd7 42. Rf1 Be7 43. Rf7 Ke8 44. Rg7 Rf8 45. Ng6 Rf5 46. g4 Rf3+
47. Kg2 Rb3 48. Rh7 Ne3+ 49. Kg1 Bb4 50. Nf4 Nxg4 51. Nxe6 Nxe5 52. dxe5 Bc3
53. Nc7+ Kd8 54. Ne6+ Ke8 55. Rh5 Ke7 56. Nf4 Rb5 57. Rh7+ Ke8 58. Rh8+ Ke7 59.
Rh7+ Ke8 60. e6 Bd2 61. Nd3 Bc3 62. Kf2 Rf5+ 63. Ke3 Rg5 64. Ke4 Rg1 65. Nc5
Re1+ 66. Kd5 Rd1+ 67. Kc6 Bf6 68. Ne4 Be5 69. Ra7 Rd3 70. Rb7 Rd1 71. Rb5 Bh2
72. Rh5 Bf4 73. Rf5 Bh2 74. Rf7 Be5 75. Rf5 Bh2 76. Rh5 Bf4 77. Nf6+ Kf8 78.
Nd5 Bg3 79. Kd7 Re1 80. e7+ Kf7 81. Rf5+ Kg6 82. Rf6+ Kg5 83. e8=Q 1-0

[Event "Lindores Abbey Tal Blitz 2021"]
[Site "Riga"]
[Date "2021.11.08"]
[Round "8.30"]
[White "Fedoseev, Vladimir"]
[Black "Abasov, Nijat"]
[Result "1-0"]
[WhiteElo "2704"]
[BlackElo "2634"]
[Annotator "TA"]
[PlyCount "59"]
[EventDate "2021.11.02"]
[EventType "swiss"]
[EventCountry "LAT"]
[SourceTitle "playchess.com"]
[Source "ChessBase"]
[SourceQuality "1"]

1. e4 c5 2. h3 Nf6 3. e5 Nd5 4. Nc3 e6 5. Nf3 Nc6 6. Bb5 Qb6 7. a4 Be7 8. O-O
O-O 9. Re1 d6 10. exd6 Bxd6 11. Ne4 Be7 12. b3 f5 13. Neg5 Bf6 14. c3 a6 15.
Bc4 Na5 16. Qe2 Nxc4 17. bxc4 Nc7 18. a5 Qd6 19. d4 h6 20. Ba3 hxg5 21. Bxc5
Qd8 22. Bxf8 Qxf8 23. Rab1 Qa3 24. Qe3 Bd7 25. Rxb7 Qxa5 26. Ne5 Be8 27. Qf3
Rc8 28. Nc6 Qa2 29. Na7 Rd8 30. Rxc7 1-0

[Event "Lindores Abbey Tal Blitz 2021"]
[Site "Riga"]
[Date "2021.11.08"]
[Round "8.31"]
[White "Durarbayli, Vasif"]
[Black "Hovhannisyan, Robert"]
[Result "1-0"]
[WhiteElo "2629"]
[BlackElo "2622"]
[Annotator "ChessBase"]
[PlyCount "105"]
[EventDate "2021.11.02"]
[EventType "swiss"]
[EventCountry "LAT"]
[SourceTitle "playchess.com"]
[Source "ChessBase"]
[SourceQuality "1"]

1. e4 e5 2. Nc3 Nc6 3. f4 exf4 4. d4 Qh4+ 5. Ke2 d5 6. Nf3 Bg4 7. exd5 Nce7 8.
Bxf4 O-O-O 9. Bg3 Qh5 10. Kf2 Nf6 11. h3 Nexd5 12. Bd3 Bxf3 13. Qxf3 Qxf3+ 14.
Kxf3 Nxc3 15. bxc3 Bd6 16. Bh4 Rde8 17. c4 b6 18. Rab1 Nd7 19. c5 Be7 20. Bg3
bxc5 21. Ba6+ Kd8 22. Rb7 Bd6 23. Bxd6 cxd6 24. Bb5 Nf6 25. Bxe8 Rxe8 26. Rxa7
cxd4 27. Ra8+ Kd7 28. Rxe8 Nxe8 29. Rd1 f5 30. Rxd4 g5 31. a4 Kc6 32. a5 Nc7
33. g4 f4 34. Ke4 h6 35. Kf5 Kc5 36. Rd3 Na6 37. Kg6 Nb4 38. Rc3+ Kd4 39. Rb3
Nc6 40. Kxh6 Nxa5 41. Rd3+ Ke4 42. Kxg5 f3 43. Rxd6 f2 44. Rf6 Ke3 45. h4 Nc4
46. h5 Ne5 47. Rxf2 Kxf2 48. Kf5 Nc6 49. h6 Ne7+ 50. Kg5 Nc6 51. h7 Ne5 52. Kf5
Nf7 53. Ke4 1-0

[Event "Lindores Abbey Tal Blitz 2021"]
[Site "Riga"]
[Date "2021.11.08"]
[Round "8.32"]
[White "Cheparinov, Ivan"]
[Black "Morovic Fernandez, Ivan"]
[Result "0-1"]
[WhiteElo "2677"]
[BlackElo "2510"]
[Annotator "ChessBase"]
[PlyCount "130"]
[EventDate "2021.11.02"]
[EventType "swiss"]
[EventCountry "LAT"]
[SourceTitle "playchess.com"]
[Source "ChessBase"]
[SourceQuality "1"]

1. d4 d5 2. c4 c6 3. Nf3 Nf6 4. Nc3 e6 5. Bg5 Nbd7 6. e3 Be7 7. Bd3 O-O 8. O-O
dxc4 9. Bxc4 Nd5 10. Bxe7 Qxe7 11. Ne4 b6 12. Rc1 Bb7 13. Qe2 c5 14. dxc5 Nxc5
15. Nxc5 Qxc5 16. Ba6 Qe7 17. Nd4 Rac8 18. a3 h6 19. Bxb7 Qxb7 20. e4 Nf6 21.
f3 Rfd8 22. Qe3 Qd7 23. Ne2 Qb5 24. Rxc8 Rxc8 25. b4 e5 26. Rc1 Rd8 27. Rc3 Kh7
28. Kf2 Rd1 29. h4 Qd7 30. Rb3 Qe6 31. Rb2 Rh1 32. Ng3 Rd1 33. Rd2 Rxd2+ 34.
Qxd2 g6 35. Qc3 h5 36. Nf1 Ne8 37. Ne3 Nd6 38. Qc7 Nb5 39. Qb8 Nd4 40. Nd5 Kg7
41. Qxa7 Qc6 42. Qxb6 Qc2+ 43. Kg3 Ne2+ 44. Kh2 Qc1 45. Qf6+ Kg8 46. Qd8+ Kh7
47. Nf6+ Kg7 48. Ne8+ Kh7 49. Nf6+ Kg7 50. Nxh5+ gxh5 51. Qg5+ Qxg5 52. hxg5
Kg6 53. b5 Nd4 54. b6 Kxg5 55. b7 Nc6 56. g3 f5 57. Kh3 f4 58. Kg2 fxg3 59.
Kxg3 h4+ 60. Kh3 Kf4 61. Kxh4 Kxf3 62. Kg5 Kxe4 63. Kf6 Kd5 64. Kf5 e4 65. Kf4
Kd4 0-1

[Event "Lindores Abbey Tal Blitz 2021"]
[Site "Riga"]
[Date "2021.11.08"]
[Round "8.33"]
[White "Zhou, Jianchao"]
[Black "Moussard, Jules"]
[Result "1-0"]
[WhiteElo "2616"]
[BlackElo "2632"]
[Annotator "ChessBase"]
[PlyCount "57"]
[EventDate "2021.11.02"]
[EventType "swiss"]
[EventCountry "LAT"]
[SourceTitle "playchess.com"]
[Source "ChessBase"]
[SourceQuality "1"]

1. d4 f5 2. c4 Nf6 3. Nc3 d6 4. Bg5 Nbd7 5. Qc2 g6 6. e3 Bg7 7. Bd3 e5 8. f3 c6
9. Nge2 Qe7 10. O-O O-O 11. Rad1 h6 12. Bh4 Re8 13. Qd2 Nf8 14. Kh1 g5 15. Bf2
e4 16. fxe4 fxe4 17. Bc2 Ng6 18. d5 Ne5 19. b3 Nd3 20. Bxd3 exd3 21. Qxd3 c5
22. Ng3 Ng4 23. Bg1 Ne5 24. Qc2 Bg4 25. Rde1 Rf8 26. e4 Rxf1 27. Rxf1 Rf8 28.
Nf5 Bh5 29. Nxe7+ 1-0

[Event "Lindores Abbey Tal Blitz 2021"]
[Site "Riga"]
[Date "2021.11.08"]
[Round "8.34"]
[White "Sethuraman, S.P.."]
[Black "Indjic, Aleksandar"]
[Result "0-1"]
[WhiteElo "2620"]
[BlackElo "2612"]
[Annotator "ChessBase"]
[PlyCount "134"]
[EventDate "2021.11.02"]
[EventType "swiss"]
[EventCountry "LAT"]
[SourceTitle "playchess.com"]
[Source "ChessBase"]
[SourceQuality "1"]

1. e4 e5 2. Nf3 Nf6 3. Nxe5 d6 4. Nf3 Nxe4 5. Nc3 Nf6 6. d4 Be7 7. h3 O-O 8.
Bd3 Re8 9. O-O Nbd7 10. Bf4 Nf8 11. Re1 c6 12. Qd2 Ng6 13. Bh2 a5 14. a4 Be6
15. Ng5 Bd7 16. Nge4 Nxe4 17. Nxe4 Be6 18. Re2 Nh4 19. Kh1 h6 20. Rae1 Qd7 21.
Qf4 Ng6 22. Qd2 Nh4 23. Qf4 Rad8 24. c3 Bd5 25. c4 Be6 26. Bg3 Nf5 27. d5 cxd5
28. cxd5 Bxd5 29. Nf6+ Bxf6 30. Qxf5 Rxe2 31. Qh7+ Kf8 32. Rxe2 Be6 33. Bb5 Qc7
34. Rc2 Qb6 35. Kh2 Ke7 36. Qe4 Kf8 37. Qh7 Ke7 38. Qe4 g6 39. Bf4 g5 40. Be3
d5 41. Bxb6 dxe4 42. Bxd8+ Kxd8 43. Bc4 Bd7 44. b3 Be5+ 45. Kg1 f5 46. Rd2 Ke7
47. Bd5 b6 48. Rc2 Bd6 49. Bc4 Bc5 50. Kf1 Be8 51. Rd2 Bc6 52. Bd5 Bd7 53. Bc4
h5 54. Bd5 Be8 55. Bc4 Kf6 56. Rd8 Bg6 57. Rc8 Ke5 58. Rc6 Bd6 59. Rxb6 g4 60.
Rb5+ Kf6 61. hxg4 fxg4 62. Rxa5 h4 63. Ra6 Ke5 64. a5 e3 65. fxe3 Be4 66. Rxd6
Kxd6 67. a6 Kc7 0-1

[Event "Lindores Abbey Tal Blitz 2021"]
[Site "Riga"]
[Date "2021.11.08"]
[Round "8.35"]
[White "Muzychuk, Mariya"]
[Black "Esipenko, Andrey"]
[Result "0-1"]
[WhiteElo "2536"]
[BlackElo "2713"]
[Annotator "TA"]
[PlyCount "58"]
[EventDate "2021.11.02"]
[EventType "swiss"]
[EventCountry "LAT"]
[SourceTitle "playchess.com"]
[Source "ChessBase"]
[SourceQuality "1"]

1. e4 e5 2. Nf3 Nc6 3. Nc3 Nf6 4. d4 Bb4 5. Nxe5 Qe7 6. Nxc6 Qxe4+ 7. Be2 Qxc6
8. O-O Bxc3 9. bxc3 Qxc3 10. Rb1 O-O 11. Rb3 Qc6 12. c4 d5 13. cxd5 Nxd5 14.
Ba3 Rd8 15. Qd2 b6 16. Rc1 Qg6 17. Rg3 Qf6 18. Bf3 Be6 19. Bxd5 Rxd5 20. Rxc7
Rxd4 21. Qc2 Rad8 22. h3 Rd2 23. Qc3 Qxf2+ 24. Kh2 g6 25. Rxa7 Rd1 26. Qe3 Qf1
27. Rf3 Qh1+ 28. Kg3 Rg1 29. Qf2 Qxh3+ 0-1

[Event "Lindores Abbey Tal Blitz 2021"]
[Site "Riga"]
[Date "2021.11.08"]
[Round "8.36"]
[White "Javakhishvili, Lela"]
[Black "Kuzubov, Yuriy"]
[Result "0-1"]
[WhiteElo "2446"]
[BlackElo "2637"]
[Annotator "ChessBase"]
[PlyCount "67"]
[EventDate "2021.11.02"]
[EventType "swiss"]
[EventCountry "LAT"]
[SourceTitle "playchess.com"]
[Source "ChessBase"]
[SourceQuality "1"]

1. d4 Nf6 2. Nf3 e6 3. c4 Bb4+ 4. Bd2 a5 5. g3 d5 6. Bg2 dxc4 7. Qc2 b5 8. a4
bxa4 9. O-O Bb7 10. Rxa4 Be4 11. Qc1 Bc6 12. Ra1 Nbd7 13. Qxc4 Bd5 14. Qc2 O-O
15. Nc3 c6 16. Rfc1 Qb6 17. e4 Bxc3 18. exd5 Bxd2 19. Qxd2 cxd5 20. Ne5 Nxe5
21. dxe5 Nd7 22. Qc3 g6 23. h4 Rab8 24. Rxa5 Qxb2 25. f4 Qe2 26. Qf3 Qd2 27.
Raa1 Rb2 28. Rd1 Qb4 29. h5 Nc5 30. h6 Ne4 31. Qg4 Qc5+ 32. Kh2 Qf2 33. Rg1 Rb3
34. Qh4 0-1

[Event "Lindores Abbey Tal Blitz 2021"]
[Site "Riga"]
[Date "2021.11.08"]
[Round "8.37"]
[White "Kuybokarov, Temur"]
[Black "Ganguly, Surya Shekhar"]
[Result "1-0"]
[WhiteElo "2549"]
[BlackElo "2633"]
[Annotator "ChessBase"]
[PlyCount "121"]
[EventDate "2021.11.02"]
[EventType "swiss"]
[EventCountry "LAT"]
[SourceTitle "playchess.com"]
[Source "ChessBase"]
[SourceQuality "1"]

1. e4 e6 2. d4 d5 3. Nc3 Bb4 4. e5 c5 5. a3 Bxc3+ 6. bxc3 Ne7 7. Qg4 Qc7 8.
Qxg7 Rg8 9. Qxh7 cxd4 10. Ne2 Nbc6 11. f4 dxc3 12. Qd3 b6 13. h4 Bb7 14. h5
O-O-O 15. Qxc3 Nf5 16. h6 Rg6 17. h7 Rh8 18. Bd2 Ba6 19. Nd4 Bxf1 20. Nxf5 Bxg2
21. Nd6+ Kb8 22. Rh2 d4 23. Qd3 Be4 24. Qxe4 Rg1+ 25. Kf2 Rxa1 26. Rg2 Ne7 27.
Nxf7 Qc4 28. Rg1 Rxg1 29. Kxg1 Rxh7 30. Qxh7 Qe2 31. Qd3 Qg4+ 32. Kf1 Nf5 33.
Ng5 Ng3+ 34. Ke1 Qh4 35. Kd1 Qh1+ 36. Be1 Nf5 37. Nxe6 Ne3+ 38. Kd2 Qg2+ 39.
Kc1 Qh1 40. Qd2 Nc4 41. Qe2 Qd5 42. Ng5 Nxa3 43. Qd3 Qa2 44. Nf3 Nc4 45. Qxd4
Qa3+ 46. Kb1 Qxf3 47. Qxc4 Qd1+ 48. Kb2 Qxe1 49. Qg8+ Kb7 50. Qf7+ Kc6 51. Qe6+
Kc5 52. Qd6+ Kc4 53. Qd3+ Kb4 54. Qb3+ Kc5 55. Qc3+ Qxc3+ 56. Kxc3 Kd5 57. Kb4
a5+ 58. Kb5 Ke6 59. c4 Kf5 60. c5 bxc5 61. Kxc5 1-0